000 00788nam a22002897a 4500
001 BR7602543
003 BR-BrBNA
005 20230928084951.0
007 ta
008 230509b bl.||||| |||| 00| 0 por d
040 _aBR-BrBNA
_bpor
_cBiblioteca Nacional de Agricultura
041 _a(Por)
072 _aF00
_b1000
090 _ 1000 BR7602543
110 1 _aQuimica Industrial Brasileira, S.A., Santo Andre, SP
245 1 _aCitros do plantio a colheita [Citrus; Pratica cultural]
260 3 _aSanto Andre, SP (Brasil):
_cMay 1976.
300 _a9 p.
500 _a12 illus.
650 _aProducao vegetal
650 _aFruta citrica
650 _aPratica cultural
650 _aPlantio
650 _aColheita
909 _a202309
_bLucia
_c55
_dLucia Elande
942 _cBK
999 _c22157
_d22157